| 000 | 00546cam a22001937 4500 | ||
|---|---|---|---|
| 001 | 6312577 | ||
| 003 | ARRUPE | ||
| 005 | 20161024150731.0 | ||
| 008 | 910618q19401949gw 000 0 ger | ||
| 010 | _altf91069278 | ||
| 040 |
_aDLC _cDLC _dDLC |
||
| 050 | 0 | 0 | _aPS 1405.B7 |
| 100 | 1 |
_aCooper, James Fenimore, _d1789-1851. _926541 |
|
| 245 | 0 | 4 |
_aDer Bravo; _cJames Fenimore Cooper |
| 260 |
_aFrankfurt a.M., _bAtharva-Verlag _c[194 |
||
| 300 |
_a303 p. _c19cm. |
||
| 906 |
_a0 _bcbc _cpremunv _du _encip _f19 _gy-gencatlg |
||
| 942 |
_2lcc _cMONOGRAPH |
||
| 999 |
_c125439 _d125439 |
||